Preelecciones de metafísica fundamental

Gespeichert in:
Bibliographische Detailangaben
1. Verfasser: Valverde Mucientes, Carlos (VerfasserIn)
Format: Buch
Sprache:Spanisch
Veröffentlicht: Madrid Estudio Teológico de San Ildefonso de Toledo 2009
Ausgabe:1a. ed
Schriftenreihe:Biblioteca de Autores Cristianos, 683
Schlagworte:
Tags: Tag hinzufügen
Keine Tags, Fügen Sie den ersten Tag hinzu!

MARC

LEADER 00000cam a2200000 a 4500
001 UCD5205
003 CL-VaPUC
008 160811e20090000sp |||||||||||||||||spa|d
020 |a 9788422014034 
082 0 4 |a 141  |b VAL  |2 21 
100 0 |a Valverde Mucientes, Carlos  |e author  |9 588930 
245 1 0 |a Preelecciones de metafísica fundamental 
250 |a 1a. ed 
300 |a 1107 p 
942 |c BK 
945 |d 20160811 17:42:00  |a arojas 
260 |a Madrid  |b Estudio Teológico de San Ildefonso de Toledo  |c 2009 
650 0 |a Metafísica  |9 265649 
583 |a last modification  |c 20160811 17:42:00  |k Rodrigo Vera 
490 0 |a Biblioteca de Autores Cristianos, 683 
999 |c 365934  |d 365932 
952 |0 0  |1 0  |3 erd  |4 0  |6 141_000000000000000_VAL_2009  |7 0  |8 R  |9 479909  |a BIBEDU  |b BIBEDU  |c MCIRC  |i 5337038  |o 141 VAL 2009  |p 5337038  |r 2023-01-13  |w 2019-11-24  |y BK_R  |z Catalogado en:20160811  |k FIL